000 01137cam a2200265 4500
008 020415n2001 000 0 eng u
020 _a1873394357
035 _a(Sirsi) u117480
041 _aeng
050 _a690.241
245 _aPreserving post-war heritage : the care and conservation of mid-twentieth-century architecture. Proceedings of the English Heritage conference, London, UK 1998
260 _aShaftesbury
_bDonhead
_c2001
300 _axx,235p. : ill. ; 25cm.
350 _a37.50
520 _aPart 1 deals with historical context and framework for protection of post-war architecture in Britain. Part 2 covers structural issues, materials ad services, with particular emphasis on diagnosis and assessment of problems and the options for repair. Includes case studies.
650 _aBUILDING REPAIRS
650 _aCLADDING SYSTEMS
650 _aCURTAIN WALLING
650 _aPLASTICS
650 _aPOST-WAR ARCHITECTURE
650 _aREINFORCED CONCRETE
690 _aBUILT ENVIRONMENT-BUILDING MAINTENANCE AND REFURBISHMENT-BUILDING CONSERVATION
700 _aMacDonald, Susan
_xEditor
942 _n0
999 _c101996
_d101996